| 000 | 01002nam a2200265Ia 4500 | ||
|---|---|---|---|
| 003 | OSt | ||
| 005 | 20221005104238.0 | ||
| 006 | a|||||r|||| 00| 0 | ||
| 007 | ta | ||
| 008 | 221004b |||||||| |||| 00| 0 hin d | ||
| 020 |
_a9788188622206 (hbk) _c1500 |
||
| 024 | _a13659 | ||
| 037 |
_b330, 08/02/2014, Eastern Book Linkers _cTextual |
||
| 040 |
_aCRL _cCRL _bhin |
||
| 041 |
_2hin _ahin |
||
| 082 | _aO15,1A1:g(LB), 152Q2 | ||
| 100 | _aमाथुर, प्रेरणा | ||
| 245 | 0 | _aवाल्मीकि रामायण तथा आयुर्वेद | |
| 246 | _aVālmīki rāmāyaṇ tathā āyurveda | ||
| 260 |
_aदिल्ली _bपीयुड्ढ प्रकाशन भारत _c2012 |
||
| 300 |
_a564पृ0 _ccm. |
||
| 650 | _aसंस्कृत साहित्य | ||
| 942 |
_hO15,1A1:g(LB), 152Q2 _cTEXL _2cc |
||
| 999 |
_c1012129 _d1012129 |
||